Habeas data (Record no. 5378)

MARC details
000 -CABECERA
campo de control de longitud fija 02691cam a2200301Ii 4500
001 - NÚMERO DE CONTROL
campo de control a26773117
003 - IDENTIFICADOR DEL NÚMERO DE CONTROL
campo de control SIRSI
005 - FECHA Y HORA DE LA ÚLTIMA TRANSACCIÓN
campo de control 20260304142717.0
008 - DATOS DE LONGITUD FIJA--INFORMACIÓN GENERAL
campo de control de longitud fija 180817s2019 xx 000 0 eng d
020 ## - NÚMERO INTERNACIONAL ESTÁNDAR DEL LIBRO
Número Internacional Estándar del Libro 1612197752
020 ## - NÚMERO INTERNACIONAL ESTÁNDAR DEL LIBRO
Número Internacional Estándar del Libro 9781612197753
035 ## - NÚMERO DE CONTROL DEL SISTEMA
Número de control de sistema (OCoLC)1048935235
040 ## - FUENTE DE LA CATALOGACIÓN
Centro catalogador/agencia de origen YDX
Lengua de catalogación eng
Normas de descripción rda
Centro/agencia transcriptor YDX
Centro/agencia modificador BDX
-- OCLCQ
-- UPM
-- UtOrBLW
041 ## - CÓDIGO DE LENGUA
Código de lengua del texto/banda sonora o título independiente English
050 #4 - SIGNATURA TOPOGRÁFICA DE LA BIBLIOTECA DEL CONGRESO
Número de clasificación KF1262
Número de documento/Ítem .F37 2019
100 ## - ENTRADA PRINCIPAL--NOMBRE DE PERSONA
Nombre de persona Farivar, Cyrus,
Término indicativo de función/relación author.
9 (RLIN) 26788
245 10 - MENCIÓN DE TÍTULO
Título Habeas data
Resto del título : privacy vs. the rise of surveillance tech
Mención de responsabilidad, etc. / Cyrus Farivar.
250 ## - MENCIÓN DE EDICIÓN
Mención de edición [First Melville House paperback edition].
264 #1 - PRODUCCIÓN, PUBLICACIÓN, DISTRIBUCIÓN, FABRICACIÓN Y COPYRIGHT
Producción, publicación, distribución, fabricación y copyright Brooklyn, NY :
Nombre del de productor, editor, distribuidor, fabricante Melville House Publishing,
Fecha de producción, publicación, distribución, fabricación o copyright 2019.
300 ## - DESCRIPCIÓN FÍSICA
Extensión xviii, 284 pages ;
Dimensiones 21 cm
505 0# - NOTA DE CONTENIDO CON FORMATO
Nota de contenido con formato Telephones : how a fateful call in 1965 from a Los Angeles pay phone still rings out today — How the government cracked an iPhone-without Apple's help — How one mugger's calls helped create the NSA's post-9/11 phone metadata surveillance program — When Big Brother rides in the back seat — Can the police use extrasensory technology to look into your house without a warrant? — Why (amazingly) e-mail providers won't give up messages without a warrant, even though the Supreme Court has never ruled on the issue — Why the eighteenth-century Constitution protects against twenty-first-century satellite-based tracking — How your phone can lead the authorities right to your door — Can police search your phone when you're arrested? — Why privacy needs all of us — Who watches the watchers?
520 ## - SUMARIO, ETC.
Sumario, etc. "Until the 21st century, most of our activities were private by default, public only through effort; today anything that touches digital space has the potential (and likelihood) to remain somewhere online forever. That means all of the technologies that have made our lives easier, faster, better, and/or more efficient have also simultaneously made it easier to keep an eye on our activities. Or, as we recently learned from reports about Cambridge Analytica, our data might be turned into a propaganda machine against us. In 10 crucial legal cases, [this book] explores the tools of surveillance that exist today, how they work, and what the implications are for the future of privacy"--
Fuente proveedora Provided by publisher.
650 #0 - PUNTO DE ACCESO ADICIONAL DE MATERIA--TÉRMINO DE MATERIA
Término de materia o nombre geográfico como elemento de entrada Privacy, Right of - United States.
Número de control del registro de autoridad o número normalizado http://id.loc.gov/authorities/subjects/sh2008108965
9 (RLIN) 26789
650 #0 - PUNTO DE ACCESO ADICIONAL DE MATERIA--TÉRMINO DE MATERIA
Término de materia o nombre geográfico como elemento de entrada Electronic surveillance - United States.
Número de control del registro de autoridad o número normalizado http://id.loc.gov/authorities/subjects/sh2008102512
9 (RLIN) 26790
650 #0 - PUNTO DE ACCESO ADICIONAL DE MATERIA--TÉRMINO DE MATERIA
Término de materia o nombre geográfico como elemento de entrada Government information - Law and legislation United States.
9 (RLIN) 26791
650 #0 - PUNTO DE ACCESO ADICIONAL DE MATERIA--TÉRMINO DE MATERIA
Término de materia o nombre geográfico como elemento de entrada Civil rights - United States.
Subdivisión geográfica United States.
Número de control del registro de autoridad o número normalizado http://id.loc.gov/authorities/subjects/sh85026377
942 ## - ELEMENTOS DE ENTRADA AGREGADA (KOHA)
Fuente del sistema de clasificación o colocación Clasificación de Library of Congress
Holdings
Estado de retiro Estado de pérdida Fuente del sistema de clasificación o colocación Estado dañado No para préstamo Biblioteca de origen Biblioteca actual Fecha de adquisición Total de préstamos Fecha visto por última vez Número de copia Precio válido a partir de Tipo de ítem Koha Nota pública
    Clasificación de Library of Congress     TBS Barcelona TBS Barcelona 04/03/2026   04/03/2026 1 04/03/2026 Book SOON AVAILABLE

Powered by Koha